Представление документа в формате RUSMARC

ПолеНазваниеЗначение
  Тип записи a
  Библиографический уровень m
001 Контрольный номер UONB/MAIN/e670cb4c1d1447038b29054b3690385c
005 Дата корректировки 20260409143759.0
010 Индекс ISBN __
b Уточнения в пер.
d Цена 3 р. 40 к.
9 Тираж 25000 экз.
100 Данные общей обработки __
a Данные общей обработки 20260409d1979 u y0rusy0189 ca
101 Язык документа 0_
a Язык текста rus
102 Страна публикации __
a Страна публикации RU
105 Кодированные данные (монография) __
a Кодированные данные (монография) a z 001yy
200 Заглавие и сведения об ответственности 1_
a Заглавие Мастера разных эпох
e Сведения, относящиеся к заглавию избранные историко-художественные и критические статьи
f Первые сведения об ответственности А. М. Эфрос
g Последующие сведения об ответственности предисловие М. В. Толмачева
203 Вид содержания и тип средства __
a Вид содержания Текст
b Характеристика содержания визуальный
c Тип средства непосредственный
210 Выходные данные 1_
a Место издания Москва
c Издательство Советский художник
d Дата издания 1979
215 Физическое описание __
a Объем 335 с.
c Иллюстрации/тип воспроизводства ил., портр., 72 л. цв. ил.
d Формат 24 см
320 Библиография __
a Библиография Библиогр.: с.303-304
320 Библиография __
a Библиография Указ.: с. 309-321
320 Библиография __
a Библиография Указ. имен: с. 327-333
606 Тематические рубрики 0_
a Основная рубрика Западноевропейское изобразительное искусство
x Основная подрубрика История
606 Тематические рубрики 0_
a Основная рубрика Русское изобразительное искусство
z Хронологическая подрубрика 18-20 вв.
606 Тематические рубрики 0_
a Основная рубрика Советское изобразительное искусство
610 Ключевые слова 0_
a Ключевые слова искусство изобразительное русское; искусство изобразительное советское; искусство изобразительное западноевропейское
686 Индексы других классификаций __
a Классификационный индекс 85.103(0)
2 Код системы rubbk
700 Автор _1
a Фамилия Эфрос
b Имя (инициалы) А. М.
g Полное личное имя Абрам Маркович
702 Вторичная интеллектуальная ответственность _1
a Фамилия Толмачев
b Имя (инициалы) М. В.
4 Код отношения 080
801 Источник записи _0
a Страна RU
b Организация Ульяновская ОНБ
c Дата составления 20260409
g Правила каталогизации RCR
801 Источник записи _1
a Страна RU
b Организация Ульяновская ОНБ
c Дата составления 20260409
g Правила каталогизации RCR
901 Тип документа __
t Тип документа m
909 Создатель записи __
a Создатель записи Борисова И. А.
b Дата создания записи 20260409